Historia del pensamiento económico / (Registro nro. 5424)
[ vista simple ]
| 000 -LEADER | |
|---|---|
| fixed length control field | 01362nam a2200313Ia 4500 |
| 003 - CONTROL NUMBER IDENTIFIER | |
| control field | OSt |
| 005 - DATE AND TIME OF LATEST TRANSACTION | |
| control field | 20200521093644.0 |
| 008 - FIXED-LENGTH DATA ELEMENTS--GENERAL INFORMATION | |
| fixed length control field | 191128s1948 mx gr 000 0dspa d |
| 040 ## - CATALOGING SOURCE | |
| Original cataloging agency | CO-JMCR |
| Transcribing agency | CO-JMCR |
| 041 1# - LANGUAGE CODE | |
| Language code of text/sound track or separate title | spa |
| Language code of original | eng |
| 082 04 - DEWEY DECIMAL CLASSIFICATION NUMBER | |
| Classification number | 330.09 / |
| Item number | W337h |
| Edition number | 23 |
| 100 1# - MAIN ENTRY--PERSONAL NAME | |
| Personal name | Whittaker, Edmund, |
| Relator term | autor |
| 9 (RLIN) | 4620 |
| 245 10 - TITLE STATEMENT | |
| Title | Historia del pensamiento económico / |
| Statement of responsibility, etc. | Edmund Whittaker ; versión española de Cristóbal Lara Beautell |
| 250 ## - EDITION STATEMENT | |
| Edition statement | Primera edición |
| 260 ## - PUBLICATION, DISTRIBUTION, ETC. | |
| Place of publication, distribution, etc. | México : |
| Name of publisher, distributor, etc. | Fondo de Cultura Económica, |
| Date of publication, distribution, etc. | 1948 |
| 300 ## - PHYSICAL DESCRIPTION | |
| Extent | 862 páginas ; |
| Dimensions | 23 cm. |
| 490 0# - SERIES STATEMENT | |
| Series statement | Sección de obras de economía / Daniel Cosío Villegas |
| 500 ## - GENERAL NOTE | |
| General note | Incluye índice analítico páginas 833-862. |
| 504 ## - BIBLIOGRAPHY, ETC. NOTE | |
| Bibliography, etc. note | Bibliografía: páginas 824-832. |
| 505 ## - FORMATTED CONTENTS NOTE | |
| Formatted contents note | Evolución social y pensamiento social -- La riqueza y la industria humana -- El individualismo económico -- La propiedad y la distribución de la riqueza -- Movimientos de reforma social -- Nacionalismo económico -- Población -- Producción |
| 534 ## - ORIGINAL VERSION NOTE | |
| Introductory phrase | A history of economic ideas |
| 546 ## - LANGUAGE NOTE | |
| Language note | Traducido del inglés |
| 650 14 - SUBJECT ADDED ENTRY--TOPICAL TERM | |
| Topical term or geographic name entry element | Pensamiento económico |
| 9 (RLIN) | 2296 |
| 650 24 - SUBJECT ADDED ENTRY--TOPICAL TERM | |
| Topical term or geographic name entry element | Teoría económica |
| 9 (RLIN) | 1066 |
| 650 24 - SUBJECT ADDED ENTRY--TOPICAL TERM | |
| Topical term or geographic name entry element | Economía política |
| 9 (RLIN) | 1838 |
| 700 1# - ADDED ENTRY--PERSONAL NAME | |
| Personal name | Lara Beautell, Cristóbal, |
| Relator term | traductor |
| 9 (RLIN) | 4621 |
| 700 1# - ADDED ENTRY--PERSONAL NAME | |
| Personal name | Cosío Villegas, Daniel, |
| Relator term | director de la serie |
| 9 (RLIN) | 4622 |
| 942 ## - ADDED ENTRY ELEMENTS (KOHA) | |
| Source of classification or shelving scheme | Dewey Decimal Classification |
| Koha item type | Books |
| Withdrawn status | Lost status | Source of classification or shelving scheme | Materials specified (bound volume or other part) | Damaged status | Not for loan | Home library | Current library | Shelving location | Date acquired | Source of acquisition | Cost, normal purchase price | Total Checkouts | Full call number | Barcode | Date last seen | Copy number | Price effective from | Koha item type |
|---|---|---|---|---|---|---|---|---|---|---|---|---|---|---|---|---|---|---|
| Dewey Decimal Classification | Donación--15/04/2018-- | Biblioteca Pública José María del Castillo y Rada | Biblioteca Pública José María del Castillo y Rada | General Stacks | 11/28/2019 | Donación | 0.00 | 330.09 / W337h | 430001889 | 05/16/2024 | Ej.1 | 11/28/2019 | Books |